000 00582nam a2200193 a 4500
001 5712
003 CO-ViMGA
008 141112s2004 ck r 000 u spa d
040 _aCO-ViMGA
_bspa
_cCO-ViMGA
082 0 4 _a303.62 B171g
100 1 _aBarbosa Estepa, Reinaldo
_94165
245 1 0 _aGuadalupe y sus centauros :
_bmemorias de la insurrección llanera
260 _aBogotá :
_bCerec,
_c1992
300 _a285 p
650 1 4 _aCOLOMBIANA - HISTORIA CONTEMPORANEA
_94166
650 1 4 _aGUERRILLA - COLOMBIANA
_94167
650 1 4 _aVIOLENCIA - COLOMBIANA
_955027
942 _2ddc
_cBK
999 _c17693
_d17693